书目信息 |
| 题名: |
陶行知全集
|
|
| 作者: | 陶行知 著 ;华中师范学院教育科学研究所 主编 | |
| 分册: | 第六卷 其他 | |
| 出版信息: | 长沙 湖南教育出版社 1985 |
|
| 页数: | 943页 | |
| 开本: | 20cm | |
| 丛书名: | ||
| 单 册: | ||
| 中图分类: | G40-52 | |
| 科图分类: | ||
| 主题词: | 教育学--全集 | |
| 电子资源: | ||
| ISBN: | ||
| 000 | 00802nam0 2200253 45 | |
| 001 | 0185003350 | |
| 005 | 20050405172445.9 | |
| 010 | @b精装@dCNY7.40 | |
| 091 | @a7284.555 | |
| 100 | @a19900816d1985 kemy0chiy0121 ea | |
| 101 | 0 | @achi |
| 102 | @aCN@b430000 | |
| 105 | @af z 000yy | |
| 200 | 10 | @a陶行知全集@Atao xing zhi quan ji@h第六卷@i其他@f陶行知著@FTao Xing ZhiZhu@g华中师范学院教育科学研究所主编 |
| 210 | @a长沙@c湖南教育出版社@d1985 | |
| 215 | @a943页@c照片@d20cm | |
| 517 | @a其他@AQi Ta | |
| 606 | @a教育学@x全集 | |
| 690 | @aG40-52@v3 | |
| 701 | 0 | @a陶行知@4著 |
| 712 | 02 | @a华中师范学院教育科学研究所@Ahua zhong shi fan xue yuan jiao yu ke xue yan jiu suo@4主编 |
| 801 | 0 | @aCN@b深圳图书馆@c20040428 |
| 801 | 2 | @aCN@bNLC@c20040428 |
| 905 | @dG40-52@e94:6@f1@b170221@f1@b170219 | |
| 陶行知全集.第六卷.其他/陶行知著/华中师范学院教育科学研究所主编.-长沙:湖南教育出版社,1985 |
| 943页:照片;20cm |
| ISBN (精装):CNY7.40 |
| ● |
| 相关链接 |
|
|
|
|
正题名:陶行知全集
索取号:G40-52/94:6
 
预约/预借
| 序号 | 登录号 | 条形码 | 馆藏地/架位号 | 状态 | 备注 |
| 1 | 0170219 | 001998084 | 第四借阅区/ [索取号:G40-52/94:6] | 在馆 | |
| 2 | 0170220 | 000284212 | 第四借阅区/ [索取号:G40-52/94:6] | 在馆 | |
| 3 | 0170221 | 000284221 | 第四借阅区/ [索取号:G40-52/94:6] | 在馆 |